000
00224 a2200097 4500
001
37439
100
_a
Das G
245
_a
Fundamentals of Maths Analysis
260
_a
New Delhi
_b
Tata McGraw Hill
_c
090
_c
23905
_d
23905
942
_a
NUST-CAE
_c
M
_c
15453
999
_c
272512
_d
272512